|
|
|
|
| LEADER |
00000cam a2200000 cc4500 |
| 001 |
1126283797 |
| 003 |
DE-627 |
| 005 |
20240501192255.0 |
| 007 |
tu |
| 008 |
961217s1975 xx ||||| 00| ||ger c |
| 035 |
|
|
|a (DE-627)1126283797
|
| 035 |
|
|
|a (DE-576)056283792
|
| 035 |
|
|
|a (DE-599)BSZ056283792
|
| 035 |
|
|
|a (OCoLC)312588620
|
| 040 |
|
|
|a DE-627
|b ger
|c DE-627
|e rakwb
|
| 041 |
|
|
|a ger
|
| 084 |
|
|
|a 6,22
|a 1
|2 ssgn
|
| 084 |
|
|
|a 1
|2 ssgn
|
| 100 |
1 |
|
|0 (DE-588)1159145202
|0 (DE-627)1022819704
|0 (DE-576)504766473
|4 aut
|a Wäfler, Markus
|d 1943-2020
|
| 109 |
|
|
|a Wäfler, Markus 1943-2020
|a Fīflar, Mārkūs 1943-2020
|
| 245 |
1 |
0 |
|a Nicht-Assyrer neuassyrischer Darstellungen
|n 2
|p Tafeln
|c von Markus Wäfler
|
| 264 |
|
1 |
|a Kevelaer
|a Neukirchen-Vluyn
|b Butzon & Bercker ; Neukirchener Verlag
|c 1975
|
| 300 |
|
|
|a 30 S.
|b zahlr. Ill.
|
| 336 |
|
|
|a Text
|b txt
|2 rdacontent
|
| 337 |
|
|
|a ohne Hilfsmittel zu benutzen
|b n
|2 rdamedia
|
| 338 |
|
|
|a Band
|b nc
|2 rdacarrier
|
| 490 |
1 |
|
|a Alter Orient und Altes Testament
|v 26,2
|
| 583 |
1 |
|
|a Archivierung/Langzeitarchivierung gewährleistet
|f SSG
|x XA-DE-BW
|2 pdager
|5 DE-21
|
| 601 |
|
|
|a Neuassyrisch
|
| 601 |
|
|
|a Darstellung
|
| 650 |
0 |
7 |
|0 (DE-588)4026535-3
|0 (DE-627)104675268
|0 (DE-576)208966870
|a Ikonografie
|2 gnd
|
| 652 |
|
|
|a TC
|
| 689 |
0 |
0 |
|d g
|0 (DE-588)4003285-1
|0 (DE-627)10639004X
|0 (DE-576)208851011
|2 gnd
|a Assyrien
|
| 689 |
0 |
1 |
|q z
|2 gnd
|a Geschichte v1700-v637
|
| 689 |
0 |
|
|5 (DE-627)
|
| 751 |
|
|
|a München
|0 (DE-588)4127793-4
|0 (DE-627)105722073
|0 (DE-576)209596570
|4 pup
|
| 773 |
1 |
8 |
|a Nicht-Assyrer neuassyrischer Darstellungen
|w (DE-627)1126283622
|w (DE-576)056283628
|g (2)
|q 2
|7 nnam
|
| 830 |
|
0 |
|a Alter Orient und Altes Testament
|v 26,2
|9 26,2
|w (DE-627)129292370
|w (DE-576)01447350X
|w (DE-600)120640-0
|x 0931-4296
|7 am
|
| 889 |
|
|
|w (DE-576)520075242
|
| 889 |
|
|
|w (DE-627)1590075242
|
| 935 |
|
|
|a mteo
|a BIIN
|
| 951 |
|
|
|a MV
|
| BIB |
|
|
|a 1
|
| ELC |
|
|
|b 1
|
| ITA |
|
|
|a 1
|t 1
|
| LOK |
|
|
|0 000 xxxxxcx a22 zn 4500
|
| LOK |
|
|
|0 001 2295940036
|
| LOK |
|
|
|0 003 DE-627
|
| LOK |
|
|
|0 004 1126283797
|
| LOK |
|
|
|0 005 19980616000000
|
| LOK |
|
|
|0 008 980526||||||||||||||||ger|||||||
|
| LOK |
|
|
|0 040
|a DE-21
|c DE-627
|d DE-21
|
| LOK |
|
|
|0 852
|a DE-21
|
| LOK |
|
|
|0 852 1
|c 15 B 1154-2
|9 00
|
| LOK |
|
|
|0 935
|a konv
|
| LOK |
|
|
|0 939
|a 26-05-98
|b l01
|
| LOK |
|
|
|0 000 xxxxxcx a22 zn 4500
|
| LOK |
|
|
|0 001 2295940052
|
| LOK |
|
|
|0 003 DE-627
|
| LOK |
|
|
|0 004 1126283797
|
| LOK |
|
|
|0 005 20100408081724
|
| LOK |
|
|
|0 008 961217||||||||||||||||ger|||||||
|
| LOK |
|
|
|0 040
|a DE-21-31
|c DE-627
|d DE-21-31
|
| LOK |
|
|
|0 541
|e 42406
|
| LOK |
|
|
|0 852
|a DE-21-31
|
| LOK |
|
|
|0 852 1
|c Ce X 1-26,Taf
|m p
|9 00
|
| LOK |
|
|
|0 938
|k p
|
| LOK |
|
|
|0 939
|a 17-12-96
|b l01
|
| LOK |
|
|
|0 000 xxxxxcx a22 zn 4500
|
| LOK |
|
|
|0 001 2509575392
|
| LOK |
|
|
|0 003 DE-627
|
| LOK |
|
|
|0 004 1126283797
|
| LOK |
|
|
|0 005 20090327123121
|
| LOK |
|
|
|0 008 060602||||||||||||||||ger|||||||
|
| LOK |
|
|
|0 040
|a DE-21-11
|c DE-627
|d DE-21-11
|
| LOK |
|
|
|0 541
|e A75-082
|
| LOK |
|
|
|0 852
|a DE-21-11
|
| LOK |
|
|
|0 852 1
|c AOR C AOAT 26-2
|m p
|9 00
|
| LOK |
|
|
|0 935
|a k011
|a i011
|a kneu
|a aori
|
| LOK |
|
|
|0 938
|k p
|
| LOK |
|
|
|0 939
|a 02-06-06
|b l01
|
| LOK |
|
|
|0 000 xxxxxcx a22 zn 4500
|
| LOK |
|
|
|0 001 3060390487
|
| LOK |
|
|
|0 003 DE-627
|
| LOK |
|
|
|0 004 1126283797
|
| LOK |
|
|
|0 005 20240313204617
|
| LOK |
|
|
|0 008 240313||||||||||||||||ger|||||||
|
| LOK |
|
|
|0 035
|a (DE-Tue135-1)61595
|
| LOK |
|
|
|0 040
|a DE-Tue135-1
|c DE-627
|d DE-Tue135-1
|
| LOK |
|
|
|0 852
|a DE-Tue135-1
|
| LOK |
|
|
|0 852 1
|c AT05956/2
|m p
|9 00
|
| LOK |
|
|
|0 852 2
|b Z 4/19
|9 00
|
| LOK |
|
|
|0 935
|a iMON
|
| LOK |
|
|
|0 936ln
|0 1442053569
|a TC
|
| LOK |
|
|
|0 938
|k p
|
| LOK |
|
|
|0 939
|a 11-03-19
|b l12
|
| ORI |
|
|
|a SA-MARC-ixtheoa001.raw
|
| REL |
|
|
|a 1
|
| STA |
0 |
0 |
|a Assyria,Iconography
|
| STB |
0 |
0 |
|a Iconographie
|
| STC |
0 |
0 |
|a Iconografía
|
| STD |
0 |
0 |
|a Iconografia
|
| STE |
0 |
0 |
|a 圣像学
|
| STF |
0 |
0 |
|a 聖像學
|
| STG |
0 |
0 |
|a Iconografia
|
| STH |
0 |
0 |
|a Иконография
|
| STI |
0 |
0 |
|a Εικονογραφία
|
| SUB |
|
|
|a BIB
|a REL
|
| SYE |
0 |
0 |
|a Ikonographie,Kunst
|
| SYG |
0 |
0 |
|a Assyrisches Reich,Reich Assur
|
| TIM |
|
|
|a 099983000101_099993631231
|b Geschichte v1700-v637
|